Macbeth (Record no. 9266)

MARC details
000 -LEADER
fixed length control field 00363nam a22001457a 4500
008 - FIXED-LENGTH DATA ELEMENTS--GENERAL INFORMATION
fixed length control field 230201b |||||||| |||| 00| 0 eng d
020 ## - INTERNATIONAL STANDARD BOOK NUMBER
International Standard Book Number 978-81-7599-419-5
082 ## - DEWEY DECIMAL CLASSIFICATION NUMBER
Classification number 822.33 SHA
100 ## - MAIN ENTRY--PERSONAL NAME
Personal name William Shakespeare
245 ## - TITLE STATEMENT
Title Macbeth
Statement of responsibility, etc. William Shakespeare
260 ## - PUBLICATION, DISTRIBUTION, ETC.
Name of publisher, distributor, etc. Prakash Book Depot
Date of publication, distribution, etc. 2015
300 ## - PHYSICAL DESCRIPTION
Extent 159
Dimensions 19.7cm
942 ## - Added entry Elements (Koha)
Source of classification or shelving scheme Dewey Decimal Classification

No items available.

Royal Thimphu College || All Right Reserved